| 000 | 00690nam a2200193 a 4500 | ||
|---|---|---|---|
| 003 | 0 | ||
| 005 | 20250618095106.0 | ||
| 008 | 030604s19uu xx 00 eng d | ||
| 050 |
_aPHS LB 1115 _b.M34 2001 |
||
| 100 | _aMagnaye, Adrian B. | ||
| 245 |
_aA Study on adolescent interests of high school students / _cAdrian B. Magnaye. |
||
| 260 |
_aLas PiƱas City, Philippines : _bSouthville International School and Colleges, _c2001. |
||
| 300 |
_a32 pages : _billustrations ; _c28 cm. |
||
| 504 | _aIncludes bibliographical references. | ||
| 650 |
_aHigh school students _xPsychology. |
||
| 650 |
_aAdolescents _xPsychology. |
||
| 650 |
_aStudent interests _zPhilippines. |
||
| 942 |
_2lcc _cPASS |
||
| 999 |
_c96444 _d96444 |
||